000 00687nam a22002057a 4500
999 _c10029
_d10029
003 AR-CdUCM
008 190329b ||||| |||| 00| 0 spa d
040 _aMUNICIPALIDAD PROVINCIAL DEL CUSCO
_cBIBLIOTECA MUNICIPAL DEL CUSCO
082 _aES / 373.460 /
_bQ62
100 _aQuintana, Martín
_926636
245 _aLengua y Literatura 1 /
260 _aLima :
_bMQ Ediciones.
300 _a256 páginas ;
_bIlustraciones
_c23cm
500 _a1ro de Educación Secundaria
505 _aContenido: Lectura -- Expresión oral -- Teoría gramatical -- Redacción -- Ortografía...
650 _aLenguaje
_95227
650 _aLiteratura
_9416
942 _2ddc
_cLIBROS
945 _anom